000 00631na a2200217 4500
001 14075
003 MIRAKIL
005 20181213154918.0
008 160823b tu 000 0
020 _a9757639141
035 _a14075
040 _aMilas
_btur
_cTR-AnCHP
082 _aATA 956.1024
_bB29k 1990
090 _aATA 956.1024 B29k 1990
100 _aBayrak, M. Orhan
245 _aKurtuluş Savaşı ve Atatürk
_cM. Orhan Bayrak
260 _aİstanbul
_bKastaş A.Ş Yayınları
_c1990
300 _a249 s.
_c19 sm.
600 _aAtatürk, Mustafa Kemal
_d1881-1938
_xKurtuluş Savaşı
_xKronoloji
942 _2ddc
_cBKS
999 _c3049
_d3049